Statistiken für Berühmte Persönlichkeiten als Kind/Jugendlich

Klicken Sie hier um das Quiz zu spielen!

Allgemein

  • Dieses Quiz wurde 4.173 mal gespielt
  • Das Durchschnittsergebnis liegt bei 5 aus 13

Antwortstatistiken

Antwort% Korrekt
Angela Merkel
94%
Günther Jauch
62%
Justin Bieber
62%
Adolf Hitler
39%
Joachim Löw
39%
Barack Obama
38%
Brad Pitt
32%
George Clooney
31%
Heidi Klum
27%
Donald Trump
18%
Eminem
14%
Conchita Wurst
9%
Kim Kardashian
8%

Verteilung der Resultate

Perzentil nach korrekt beantworteten Fragen

Anzahl Personen mit jedem Resultat

Ihre Resultats-Entwicklung

Sie haben dieses Quiz noch nicht gespielt